000 01104nam a22002417a 4500
999 _c63976
_d63976
003 Ge_BSU
005 20260302151741.0
008 260302s2004 enk||||| |||| 00| 0 eng d
020 _a9781876843731x
041 _aeng
080 _a502.13 :316.334.5](520) H-33
100 _aHasegawa, Koichi.
_927027
245 _aConstructing civil society in Japan :
_bvoices of environmental movements /
_cKoichi Hasegawa.
264 _aMelbourne :
_bTrans Pacific press,
_c2004.
300 _a312 p.;
_b23 cm.
440 _aStratification a. inequality ser. / The center for the study of sovcial stratific. a. inequality, Tohoku Univ., Japan ; 3
_927028
504 _aBibliogr.: p. 277-299.
653 _aგარემოს დაცვა იაპონიაში
653 _aიაპონიის ეკოლოგიური პოლიტიკა
653 _aიაპონიის გარემოსდაცვითი პირობები
653 _aიაპონიის ეკოლოგიური სოციოლოგია
942 _2udc
_cᲬᲘᲒᲜᲘ